000
00340nam a2200145Ia 4500
008
150301s2015 xx 000 0 und d
082
_a
615.1
_b
O12J
100
_a
JITHAN, AUKUNURU
245
_a
ORAL DRUG DELIVERY TECHNOLOGY
250
_a
2ND
260
_b
PHARMA MED PRESS
300
_a
659
650
_a
PHARMACEUTICS
942
_2
ddc
_c
BK
999
_c
7364
_d
7364